000 00688nam a2200253Ia 4500
003 OSt
005 20220918223219.0
006 a|||||r|||| 00| 0
007 ta
008 220917b |||||||| |||| 00| 0 eng d
024 _a221,321
037 _cTextual
040 _aARTS
_cARTS
_beng
041 _2eng
_aeng
082 _aQ41:224, 1511L6.3
100 _aHardy E Ed.
_974161
245 0 _aAnguttara - nikaya Part III
260 _aLondon
_bPali Texddt Society
_c1961
300 _a460p.
_ccm.
490 _aPali text society text series no.5
650 _aRELIGION
942 _hQ41:224, 1511L6.3
_cTEXL
_2CC
999 _c277839
_d277839